| 000 | 00536pam a2200181 a 4500 | ||
|---|---|---|---|
| 020 | _a0875184294 (lib. bdg.) : | ||
| 040 | _cDLC | ||
| 082 | 0 | 0 | _a599 DIL 1990 A035 Or. |
| 100 | 1 | _aSibbald, Jean H. | |
| 245 | 1 | 4 | _aThe manatee / |
| 260 |
_aMinneapolis, Minn. : _bDillon Press, _cc1990. |
||
| 300 |
_a59 p. : _bcol. ill. ; _c23 cm. |
||
| 500 | _aIncludes index. | ||
| 520 | _aDiscusses the appearance and behavior of the manatee and examines its relationship with humans. | ||
| 650 | 0 | _aManatees | |
| 650 | 1 | _aManatees. | |
| 942 | _cEK | ||
| 999 |
_c12658 _d12658 |
||